Mobilné telefóny namiesto počítačov?

Salvato in:
Dettagli Bibliografici
Autore principale: Mikulíková, Lenka
Natura: Capitolo di libro
Lingua:slovacco
Tags: Aggiungi Tag
Nessun Tag, puoi essere il primo ad aggiungerne!!

MARC

LEADER 00000nla$a2200000$$$4500
001 0144821
005 20240522074511.3
041 0 |a slo 
044 |a SK 
245 1 0 |a Mobilné telefóny namiesto počítačov?  |c Lenka Mikulíková 
100 1 |a Mikulíková, Lenka